UCM

Gestao da mudanca organizacional (Record no. 12174)

MARC details
000 -LEADER
fixed length control field 00692nam a2200217u 4500
005 - DATE AND TIME OF LATEST TRANSACTION
control field 20180619162017.0
007 - PHYSICAL DESCRIPTION FIXED FIELD--GENERAL INFORMATION
fixed length control field ta
008 - FIXED-LENGTH DATA ELEMENTS--GENERAL INFORMATION
fixed length control field 100607|||||||||||||||||||||||||||||eng|u
010 ## - LIBRARY OF CONGRESS CONTROL NUMBER
LC control number 658
100 1# - MAIN ENTRY--PERSONAL NAME
Personal name KISIL, Marcos
9 (RLIN) 6192
245 10 - TITLE STATEMENT
Title Gestao da mudanca organizacional
Statement of responsibility, etc Marcos Kisil
260 0# - PUBLICATION, DISTRIBUTION, ETC. (IMPRINT)
Place of publication, distribution, etc Sao Paulo
Name of publisher, distributor, etc Faculdade de Saude Publica da Universidade de Sao Paulo
Date of publication, distribution, etc 1998
300 ## - PHYSICAL DESCRIPTION
Extent 55p
440 ## - SERIES STATEMENT/ADDED ENTRY--TITLE
Title Serie Saude & Cidadania
9 (RLIN) 6193
650 #4 - SUBJECT ADDED ENTRY--TOPICAL TERM
Topical term or geographic name as entry element Gestao
9 (RLIN) 6042
General subdivision Mudanca organizacional
650 #4 - SUBJECT ADDED ENTRY--TOPICAL TERM
Topical term or geographic name as entry element Municipios
General subdivision Mudanca organizacional
Chronological subdivision Brasil
9 (RLIN) 6194
650 #4 - SUBJECT ADDED ENTRY--TOPICAL TERM
Topical term or geographic name as entry element Saude publica
General subdivision Mudanca organizacional
9 (RLIN) 6195
942 ## - ADDED ENTRY ELEMENTS (KOHA)
Source of classification or shelving scheme Universal Decimal Classification
Item type Books
Holdings
Withdrawn status Lost status Source of classification or shelving scheme Damaged status Not for loan Collection code Home library Current library Shelving location Date acquired Source of acquisition Total Checkouts Full call number Barcode Date last seen Date last borrowed Price effective from Koha item type
    Universal Decimal Classification     Reference Nampula - Educação e Comunicação Nampula - Educação e Comunicação General Stacks 25/05/2012 CAH 1 658:005.332.3 86370 21/02/2020 31/07/2015 25/05/2012 Books
    Universal Decimal Classification       Nampula - Educação e Comunicação Nampula - Educação e Comunicação   25/05/2012 CAH   658:005.332.3 86369 21/02/2020   25/05/2012 Books

Universidade Católica de Moçambique - Rua Marquês de Soveral, 960, Palmeiras II, Beira, Moçambique

Tel (Central): (+258) 23 313 077 - Fax: (+258) 23 311 520 - Email: reitoria@ucm.ac.mz - Web: www.ucm.ac.mz